La fe de los que no tienen fe : experimentos de teología política /

Сохранить в:
Библиографические подробности
Главный автор: Critchley, Simon (autor)
Формат:
Язык:испанский
Опубликовано: Madrid, España : Trotta, 2017, c2017
Серии:(Estructuras y Procesos. Filosofía)
Предметы:
Метки: Добавить метку
Нет меток, Требуется 1-ая метка записи!

MARC

LEADER 00000nam^a2200000^a^4500
001 000410208
005 20250521000000.0
009 20260310122040.31
020 |a 978-84-9879-708-4 
037 |a Acervo ITESO - Biblioteca 
041 |a ESP 
082 |a 320. 01  |b CRI 
100 |a Critchley, Simon  |e (autor) 
245 1 3 |a La fe de los que no tienen fe :  |b experimentos de teología política /  |c S. Critchley ; tr. por Bianca Thoilliez. 
264 4 |a Madrid, España :  |b Trotta,  |c 2017, c2017 
300 |a 253 p. 
336 |a texto  |b txt  |2 rdacontenido 
337 |a sin mediación  |b n  |2 rdamedio 
338 |a volumen  |b nc  |2 rdasoporte 
440 1 |a (Estructuras y Procesos.  |p Filosofía) 
500 |a Traducción de: Rha Faith of the Faithless. Experiments in Political Theology 
521 |a FIL 2018 DIA 
649 |a XX 
650 |a Fe 
650 |a Teología Política -  |x Tema Principal 
650 |a Cristianismo y Política 
650 |a Política y Religión -  |x Tema Principal 
650 |a Filosofía Política 
650 |a Política -  |x Teoría 
650 |a Rousseau, Jean-Jacques 
650 |a Althusser, Louis 
650 |a Badiou, Alain 
650 |a Schmitt, Carl 
650 |a Gray, John 
650 |a Heidegger, Martin 
650 |a Žižek, Slavoj 
650 |a Benjamin, Walter 
650 |a Levinas, Emmanuel 
600 |a Pablo,  |c Santo 
910 |a Fondo General 
920 |a Impresos - Libros 
930 |a Colección General 
905 |a 101 
901 |a 0500319070  |b IT1  |c ACC  |i C163744  |u 20250521 
902 |a https://opac.biblio.iteso.mx/vufind/Record/000410208